| 000 | 00834nam a22002657a 4500 | ||
|---|---|---|---|
| 003 | dpl | ||
| 005 | 20180528161925.0 | ||
| 008 | 180528b xxu||||| |||| 00| 0 eng d | ||
| 010 | _aB-091297 | ||
| 020 |
_c25.00 _a8126009225 |
||
| 035 | _aB-091297, B-091301 | ||
| 037 | _bCen Lib/Ret | ||
| 040 |
_aDPL _bEN _c0 |
||
| 082 |
_a820.92 _bSAD |
||
| 100 |
_aSadhu, S. L _925346 |
||
| 245 |
_aRupa Bhavani / _cby S. L. Sadhu |
||
| 260 |
_aNew Delhi _bSahitya Akademi _c2003 |
||
| 270 |
_aRabindra Bhavan, 35, Ferozeshah Road _bNew Delhi _e110001 |
||
| 300 |
_a121p. _c21cm(pbk) |
||
| 490 | _aMakers of Indian literature | ||
| 500 | _aIncludes bibliography | ||
| 650 |
_aRupa Bhavani, -- -1721 _925347 |
||
| 650 |
_aRupa Bhavani, -- -1721 -- Criticism and interpretation _925348 |
||
| 942 |
_2ddc _cEN _h820.92 _mSAD |
||
| 999 |
_c129079 _d129079 |
||